| 000 | 00700nam a2200121Ia 4500 | ||
|---|---|---|---|
| 008 | 220620s9999||||xx |||||||||||||| ||und|| | ||
| 245 | 0 | _aChapter 4 Ethics and access when consent must come first | |
| 546 | _aEnglish[eng] | ||
| 650 | _aAcademic freedom||education||educational ethnography||ethics||ethics committees||ethics regulation||research methods||situational ethics | ||
| 700 | _aBusher, Hugh||Fox, Alison | ||
| 856 | _uhttps://library.oapen.org/bitstream/20.500.12657/23626/1/9781138580237_oachapter4.pdf||https://library.oapen.org/bitstream/20.500.12657/23626/1/9781138580237_oachapter4.pdf||https://library.oapen.org/bitstream/20.500.12657/23626/1/9781138580237_oachapter4.pdf | ||
| 942 | _cEB | ||
| 999 |
_c29619 _d29619 |
||